000 00653nam a2200169 a 4500
008 060316s1985 ||||||||||||||||| || u
020 _a0566025345
050 _aHJ 2599.5 Pla
100 _aPlatt, C. J
245 1 0 _aTax systems of Western Europe : a guide for business and the professions. (3rd ed.)
250 _a3rd ed.
260 _aAldershot :
_bGower
_c1985
300 _axxii, 171 p.
350 _a0.00
650 _aTAXATION - LAW AND LEGISLATION - EUROPE - OUTLINES, SYLLABI, etc
995 _D0.00
_FCBU-MAIN LIBRARY (Kitwe)
_H1
_I16.95
_M1
_UAVAILABLE
_ZAnnex Low-Usage Collection
999 _c59400
_d59400